000 00627nam a22001937a 4500
003 OSt
005 20140310181750.0
008 130627t xxu||||| |||| 00| 0 eng d
020 _a9710367439
050 _aLB 1601
_b.Sa117 2007
082 _aFIL 370
_bSa1 2005
100 _aSablay, Clarita Elvira T.
245 _aGetting ahead in school :
_blearn how to be an A-1 student and still manage to enjoy your young life /
_cClarita Elvira T. Sablay
260 _aQuezon City, Philippines :
_bSmartbooks Publishing,
_c2007.
300 _aviii, 120 p. :
_c16 cm.
650 _aGrade School
942 _2lcc
_cBK
999 _c3192
_d3192